000
002760000a22000970004500
100
1
_a
Howard, David M.
245
1
0
_a
Recordando a Ernesto Fowler: Un héroe de la fe
300
_a
Vol. 77, Num. 1 (Enero-Marzo, 1997), Página 4
773
0
_t
Latin America Evangelist
942
_c
ANA
999
_c
55043
_d
55043